1435 1705 1776 1139 1100 1852 1670 1878 1459 1144 1339 1280 1052 1915 1649 1888 1498 1246 1966 1833 1102 1306 1270 1363 1586 1803 1467 1556 1103 1902 1676 1836 1382 1447 1467 1413 1964 1342 1903 1964 1213 1415 1850 1199 1442 1705 1890 1290 1623 1620 1017 1660 1752 1216 1708 1143 1947 1600 1529 1750 1901 1087 1996 1061 1115 1710 1714 1114 1371 1118 1511 2000 1820 1254 1400 1318 1458 1089 1784 1073 1833 1032 1152 1010 1478 1603 1391 1446 1203 1558 1704 1903 1282 1616 1143 1965 1472 1521 1144 BCNSPRNW ULIB Ver.6.0+V

เปลี่ยนเป็นภาษาไทย

Change to English
 แสดงรายละเอียดบรรณานุกรม
  กลับหน้าหลัก

Brief Record : Get Marc (ISO 2709) : E-mail record : QR code < ปิดหน้าต่าง
LEADER : 00000nam 2200000uu 4500
001    13399114743
003     ULIB
008    120511s2552||||th 000 0 tha d
099    ^aวจ.LB1060^bบ611ก
100    ^aบุญสืบ โสโสม
245    ^aกระบวนการพัฒนาวิธีการสอนรายวิชา วิจัยทางการพยาบาล หลักสูตรพยาบาลศาสตร์บัณฑิต:กรณีศึกษาวิทยาลัยพยาบาลบรมราชชนนี พระพุทธบาท /^cบุญสืบ โสโสม จีระวรรณ์ อุคคกิมาพันธุ์ และสุภมาส อดิการกุล
260    ^aสระบุรี :^bวิทยาลัยพยาบาลบรมราชชนี พระพุทธบาท,^c2552
300    ^a54 หน้า
650  7 ^aการเรียนรู้^xวิจัย
650  7 ^aรูปแบบการเรียนรู้^xวิจัย
700 0  ^aจีระวรรณ์ อุคคกิมาพันธุ์
700 0  สุภมาศ อดิการกุล
710 1  ^aวิทยาลัยพยาบาลบรมราชชนี พระพุทธบาท
945    ^p0^l0^i031743
995    ^aเกษร
999    ^aใช้งานได้ทุกระบบ
รายการนี้ยังไม่มีแท็ก
คุณยังไม่ได้ล็อกอิน คุณสามารถมีกิจกรรมร่วมกับเว็บไซต์ได้ แต่ต้องล็อกอินก่อน ::
  ล็อกอิน

รายการสื่อสารสนเทศ

ลำดับที่ ประเภท เลขเรียก/บาร์โค้ด สถานที่ สถานะ
- ไม่พบข้อมูล -

BibComment


ยังไม่เคยถูกคอมเมนท์

คอมเมนท์ทรัพยากรรายการนี้
  คอมเมนท์: กระบวนการพัฒนาวิ..


 Copyright 2026. Bcnsprnw @Library